Reyes de Grecia - Estadísticas

Estadísticas generales
  • Esta prueba ha sido intentada 59 veces
  • La puntuación promedio es 6 de 9
Estadísticas de respuestas
Período Nombre del Rey % Correcto
1913-1917 Constantino I
78%
1920-1922 Constantino I
78%
1964-1973 Constantino II
78%
1863-19013 Jorge I
72%
1922-1924 Jorge II
72%
1935-1947 Jorge II
72%
1832-1862 Otón I
63%
1947-1964 Pablo I
63%
1917-1920 Alejandro I
39%
No se encontraron pruebas coincidentes
Distribución de puntuación
Porcentaje de gente con cada puntuación
Porcentaje por número respondido
Historial de tus puntuaciones
No has intentado esta prueba.